Geschichte Jahreszahlen - Statistiken

Allgemein
  • Dieses Quiz wurde 29 mal gespielt
  • Das Durchschnittsergebnis liegt bei 10 aus 22
Antwortstatistiken
Historisches Ereignis Jahr % Korrekt
Russische Revolution 1917
88%
Wiener Kongress 1815
79%
Märzrevolution in Deutschland 1848
79%
Hitler-Ludendorff-Putsch 1923
79%
Thesenanschlag Martin Luthers in Wittenberg 1517
67%
Unabhängigkeitserklärung der Vereinigten Staaten 1776
67%
Kaiserkrönung Karls des Großen in Rom 800
67%
Unabhängigkeit Indiens von der britischen Kolonialherrschaft 1947
63%
Untergang von Pompeji durch den Ausbruch des Vesuv 79
54%
Eroberung von Konstantinopel durch die Osmanen (Ende des Oströmischen Reiches) 1453
50%
Varusschlacht im Teutoburger Wald (Römer gegen Germanen) 9
50%
Wann erreichte Amundsen als erster Mensch den geografischen Südpol 1911
46%
Das "Nanjing-Massaker" beginnt 1937
42%
Großer Brand von London 1666
25%
Ermordung von Julius Cäsar 44 v. Chr.
25%
Absetzung des letzten weströmischen Kaisers – Gilt als Ende der Antike und des Weströmischen Reiches 476
25%
Papst Urban II ruft zum ersten Kreuzzug auf 1095
21%
Hedschra – Mohammed flieht von Mekka nach Medina. Dies markiert den Beginn der islamischen Zeitrechnung 622
21%
Großer Brand von Rom (Nero) 64
21%
Fall der aztekischen Hauptstadt Tenochtitlán durch die spanischen Konquistadoren 1521
17%
Vier "Schwarze Schiffe" tauchen in der Bucht von edo auf und beendet die Isolationspolitik Japans 1853
13%
Beginn der Meji-Restauration in Japan 1868
13%
Keine übereinstimmenden Quizze gefunden
Verteilung der Resultate
Anzahl Personen mit jedem Resultat
Perzentil nach korrekt beantworteten Fragen
Ihre Resultats-Entwicklung
Sie haben dieses Quiz noch nicht gespielt